[Event "Arber op Seniors 4th"]
[Site "Bodenmais"]
[Date "2016.08.05"]
[Round "7"]
[White "Slacik, Johann"]
[Black "Lottring, Dieter"]
[Result "1/2-1/2"]
[WhiteElo "1845"]
[BlackElo "1620"]
[PlyCount "43"]
[EventDate "2016.07.30"]
[EventType "swiss"]
[EventRounds "9"]
[EventCountry "GER"]
[SourceTitle "EXT 2017"]
[Source "ChessBase"]
[SourceDate "2016.10.25"]
[SourceVersion "1"]
[SourceVersionDate "2016.10.25"]
[SourceQuality "1"]

1. d4 Nf6 2. c4 g6 3. Nf3 Bg7 4. Nc3 d6 5. g3 0-0 6. Bg2 Nbd7 7. Qc2 c5 8. e3 Rb8 9. d5 a6 10. a4 Nb6 11. b3 Bf5 12. Qb2 Ne4 13. Bd2 Nd7 14. Nh4 Ndf6 15. Nxf5 gxf5 16. f3 Nxd2 17. Qxd2 e6 18. dxe6 fxe6 19. Rd1 Ne8 20. 0-0 Qb6 21. Qc2 Rd8 22. e4 1/2-1/2

[Event "Nuremberg Zabo op 16th"]
[Site "Nuremberg"]
[Date "2014.09.21"]
[Round "5"]
[White "Laustsen, Karl Johann"]
[Black "Lottring, Dieter"]
[Result "1/2-1/2"]
[WhiteElo "1810"]
[BlackElo "1648"]
[PlyCount "64"]
[EventDate "2014.09.19"]
[EventType "swiss"]
[EventRounds "5"]
[EventCountry "GER"]
[SourceTitle "EXT 2018"]
[Source "ChessBase"]
[SourceDate "2017.10.13"]
[SourceVersion "1"]
[SourceVersionDate "2017.10.13"]
[SourceQuality "1"]

1. d4 Nf6 2. Bf4 g6 3. e3 Bg7 4. Be2 d5 5. Nf3 0-0 6. 0-0 b6 7. h3 Bb7 8. Nbd2 Nbd7 9. c3 c5 10. Ne5 cxd4 11. cxd4 Nxe5 12. Bxe5 Nd7 13. Bxg7 Kxg7 14. Nf3 Qc7 15. Rc1 Qd6 16. Bb5 a6 17. Bxd7 Qxd7 18. Qd2 Qd6 19. Rc2 Rfc8 20. Rfc1 f6 21. Rxc8 Rxc8 22. Rxc8 Bxc8 23. Qc3 Bb7 24. h4 Qc6 25. Qxc6 Bxc6 26. Ne1 Kf7 27. Nd3 a5 28. f3 e6 29. Kf2 Bb5 30. Ke2 Ke7 31. Kd2 Bxd3 32. Kxd3 Kd6 1/2-1/2

[Event "Nuremberg Zabo op 16th"]
[Site "Nuremberg"]
[Date "2014.09.20"]
[Round "3"]
[White "Dreiseitel, Ursula"]
[Black "Lottring, Dieter"]
[Result "0-1"]
[WhiteElo "1358"]
[BlackElo "1648"]
[PlyCount "65"]
[EventDate "2014.09.19"]
[EventType "swiss"]
[EventRounds "5"]
[EventCountry "GER"]
[SourceTitle "EXT 2018"]
[Source "ChessBase"]
[SourceDate "2017.10.13"]
[SourceVersion "1"]
[SourceVersionDate "2017.10.13"]
[SourceQuality "1"]

1. d4 Nf6 2. Nf3 g6 3. Bf4 Bg7 4. c3 d5 5. Nbd2 0-0 6. Ne5 Nbd7 7. Ndf3 Nb6 8. e3 Nh5 9. Bg3 Nxg3 10. hxg3 Nd7 11. Bd3 Nxe5 12. Nxe5 Bxe5 13. dxe5 c6 14. Qc2 Qc7 15. f4 Bg4 16. Rh4 Qd7 17. Kd2 Kg7 18. Rf1 f5 19. exf6+ Rxf6 20. Rfh1 Rh8 21. Rh6 e5 22. R6h4 e4 23. Be2 Bxe2 24. Kxe2 b5 25. a3 c5 26. Qd1 Rd6 27. Kf2 d4 28. exd4 cxd4 29. Qg4 e3+ 30. Ke1 Qc6 31. cxd4 Qc1+ 32. Qd1 Qxb2 33. d5 0-1

[Event "Nuremberg Zabo op 15th"]
[Site "Nuremberg"]
[Date "2013.09.22"]
[Round "4"]
[White "Lottring, Dieter"]
[Black "Walter, Florian"]
[Result "0-1"]
[WhiteElo "1658"]
[BlackElo "2171"]
[PlyCount "112"]
[EventDate "2013.09.20"]
[EventType "swiss"]
[EventRounds "5"]
[EventCountry "GER"]
[SourceTitle "EXT 2016"]
[Source "ChessBase"]
[SourceDate "2015.10.08"]
[SourceVersion "1"]
[SourceVersionDate "2015.10.08"]
[SourceQuality "1"]

1. d4 d5 2. Nf3 Nf6 3. g3 c5 4. c4 dxc4 5. a4 cxd4 6. Qxd4 Nc6 7. Qxd8+ Nxd8 8. Ne5 Be6 9. Bg2 g6 10. Bd2 Bg7 11. Bc3 0-0 12. 0-0 Nd7 13. Nxd7 Bxd7 14. Bxg7 Kxg7 15. Bd5 Be6 16. Bxe6 Nxe6 17. Na3 Rac8 18. e3 c3 19. bxc3 Rxc3 20. Nb5 Rc4 21. Nxa7 Ra8 22. Nb5 Raxa4 23. Rxa4 Rxa4 24. Rb1 Nc5 25. Nc3 Ra3 26. Ne2 Rb3 27. Rxb3 Nxb3 28. Nc3 Kf6 29. Kf1 Ke5 30. Ke2 g5 31. h3 Nc5 32. f3 h6 33. Kd2 e6 34. Ke2 Kd6 35. Kd2 Kc6 36. Ne2 Na4 37. Nc1 b5 38. Nd3 Kd5 39. Nb4+ Kc4 40. Nc6 b4 41. Ne5+ Kb3 42. Nxf7 Ka2 43. Ne5 b3 44. Nd3 b2 45. Nxb2 Kxb2 46. f4 Nc5 47. Ke2 Kc3 48. fxg5 hxg5 49. Kf3 Kd3 50. h4 gxh4 51. gxh4 e5 52. h5 e4+ 53. Kf4 Ne6+ 54. Ke5 Nf8 55. Kf6 Kxe3 56. Kg7 Kf4 0-1

[Event "Nuremberg Zabo op 14th"]
[Site "Nuremberg"]
[Date "2012.09.16"]
[Round "4"]
[White "Lottring, Dieter"]
[Black "Kulok, Solomon"]
[Result "1/2-1/2"]
[WhiteElo "1624"]
[BlackElo "1773"]
[PlyCount "53"]
[EventDate "2012.09.14"]
[EventType "swiss"]
[EventRounds "5"]
[EventCountry "GER"]
[SourceTitle "EXT 2018"]
[Source "ChessBase"]
[SourceDate "2017.10.13"]
[SourceVersion "1"]
[SourceVersionDate "2017.10.13"]
[SourceQuality "1"]

1. d4 Nf6 2. c4 g6 3. g3 Bg7 4. Bg2 0-0 5. Nf3 c5 6. 0-0 cxd4 7. Nxd4 Nc6 8. e3 a6 9. Bd2 d5 10. Bc3 Nxd4 11. Qxd4 dxc4 12. Qxc4 b5 13. Qd4 Qxd4 14. Bxd4 Rb8 15. Nc3 Bb7 16. Bxb7 Rxb7 17. b4 Rc8 18. Rac1 Rc4 19. a3 Rbc7 20. Ne2 Nd5 21. Bxg7 Kxg7 22. Rxc4 Rxc4 23. Rc1 Nb6 24. Rc3 Kf6 25. Kf1 Rxc3 26. Nxc3 Nc4 27. a4 1/2-1/2

[Event "Nuremberg Zabo op 14th"]
[Site "Nuremberg"]
[Date "2012.09.16"]
[Round "5"]
[White "Yarsev, Alexander"]
[Black "Lottring, Dieter"]
[Result "1/2-1/2"]
[WhiteElo "1718"]
[BlackElo "1624"]
[PlyCount "120"]
[EventDate "2012.09.14"]
[EventType "swiss"]
[EventRounds "5"]
[EventCountry "GER"]
[SourceTitle "EXT 2018"]
[Source "ChessBase"]
[SourceDate "2017.10.13"]
[SourceVersion "1"]
[SourceVersionDate "2017.10.13"]
[SourceQuality "1"]

1. e4 g6 2. d4 Bg7 3. Be3 d6 4. f3 c5 5. Nc3 cxd4 6. Bxd4 Nf6 7. Qd2 0-0 8. 0-0-0 Nc6 9. Be3 Be6 10. Kb1 Rc8 11. Bh6 a6 12. h4 Qa5 13. Bxg7 Kxg7 14. h5 Rh8 15. h6+ Kf8 16. Nge2 Ne5 17. Nd4 Bc4 18. Nb3 Qb6 19. f4 Ned7 20. Bxc4 Rxc4 21. Rhe1 e5 22. Qxd6+ Qxd6 23. Rxd6 Ke7 24. fxe5 Nxe5 25. Rb6 Rc7 26. Rxf6 Rxc3 27. Rxf7+ Kxf7 28. bxc3 Rc8 29. Rd1 Ke7 30. Rd5 Nd7 31. Kb2 Rf8 32. Nc5 Nxc5 33. Rxc5 Kd6 34. Rd5+ Kc6 35. c4 Rf4 36. Re5 Rh4 37. Re7 Rxh6 38. e5 Rh2 39. e6 Kd6 40. Rxb7 Kxe6 41. Rb6+ Kd7 42. Rxa6 g5 43. g4 Rh4 44. a4 Rxg4 45. Ra7+ Kc6 46. Rxh7 Rxc4 47. Kb3 Rf4 48. c4 g4 49. a5 g3 50. Rg7 Kc5 51. a6 Rf3+ 52. Ka4 Rf1 53. a7 Ra1+ 54. Kb3 g2 55. Rxg2 Rxa7 56. Rg5+ Kc6 57. Rb5 Rb7 58. Rxb7 Kxb7 59. c5 Kc6 60. Kc4 Kc7 1/2-1/2

[Event "Seebach op 23rd"]
[Site "Grossenseebach"]
[Date "2012.06.09"]
[Round "6"]
[White "Paulick, Juergen"]
[Black "Lottring, Dieter"]
[Result "1/2-1/2"]
[WhiteElo "1386"]
[BlackElo "1596"]
[PlyCount "33"]
[EventDate "2012.06.07"]
[EventType "swiss"]
[EventRounds "7"]
[EventCountry "GER"]
[SourceTitle "EXT 2013"]
[Source "ChessBase"]
[SourceDate "2012.11.22"]
[SourceVersion "1"]
[SourceVersionDate "2012.11.22"]
[SourceQuality "1"]

1. c4 g6 2. d4 Nf6 3. Nc3 Bg7 4. e4 d6 5. f4 0-0 6. Nf3 b6 7. Be2 Bb7 8. d5 c6 9. 0-0 cxd5 10. cxd5 Nbd7 11. Be3 Rc8 12. Rc1 Nc5 13. Nd2 Ba6 14. Bxa6 Nxa6 15. Qe2 Nc7 16. Nb3 Qd7 17. Rfd1 1/2-1/2

[Event "Nuremberg Zabo op 13th"]
[Site "Nuremberg"]
[Date "2011.09.18"]
[Round "4"]
[White "Kost, Andreas"]
[Black "Lottring, Dieter"]
[Result "1/2-1/2"]
[WhiteElo "1348"]
[BlackElo "1569"]
[PlyCount "76"]
[EventDate "2011.09.16"]
[EventType "swiss"]
[EventRounds "5"]
[EventCountry "GER"]
[SourceTitle "EXT 2013"]
[Source "ChessBase"]
[SourceDate "2012.11.22"]
[SourceVersion "1"]
[SourceVersionDate "2012.11.22"]
[SourceQuality "1"]

1. d4 Nf6 2. c4 g6 3. Nf3 Bg7 4. g3 b6 5. Bg2 Bb7 6. 0-0 0-0 7. Nbd2 d6 8. Qc2 Nbd7 9. b3 e5 10. d5 Re8 11. e4 Nc5 12. b4 Ncd7 13. Bb2 Bc8 14. Rad1 Rf8 15. Rfe1 Kh8 16. Nb3 Ne8 17. Bc1 Qe7 18. a3 Bb7 19. Bg5 f6 20. Be3 Rc8 21. Qd2 Ba6 22. b5 Bb7 23. Bh6 Ra8 24. Nh4 Rd8 25. Bf1 Bc8 26. Be3 Rf7 27. a4 Nf8 28. Na1 Nd7 29. Nc2 Nb8 30. a5 Bb7 31. axb6 axb6 32. Ra1 Bc8 33. Ra7 Qf8 34. Kg2 c5 35. Rea1 Rxa7 36. Rxa7 Rd7 37. Ra8 Rb7 38. Ra1 Qf7 1/2-1/2

[Event "Nuremberg Zabo op 13th"]
[Site "Nuremberg"]
[Date "2011.09.18"]
[Round "5"]
[White "Lottring, Dieter"]
[Black "Lange, Vanessa"]
[Result "1/2-1/2"]
[WhiteElo "1569"]
[BlackElo "1486"]
[PlyCount "36"]
[EventDate "2011.09.16"]
[EventType "swiss"]
[EventRounds "5"]
[EventCountry "GER"]
[SourceTitle "EXT 2013"]
[Source "ChessBase"]
[SourceDate "2012.11.22"]
[SourceVersion "1"]
[SourceVersionDate "2012.11.22"]
[SourceQuality "1"]

1. Nf3 Nc6 2. g3 e5 3. d3 d6 4. Bg2 f5 5. e4 Nf6 6. 0-0 Be7 7. exf5 Bxf5 8. Nc3 0-0 9. Nh4 Be6 10. Nf3 Qd7 11. Ng5 Bf5 12. Nd5 h6 13. Nxf6+ Bxf6 14. Ne4 Bh3 15. a3 Be7 16. Be3 Rf7 17. c3 Raf8 18. b4 b5 1/2-1/2

[Event "Nuremberg Zabo op 13th"]
[Site "Nuremberg"]
[Date "2011.09.17"]
[Round "2"]
[White "Semenova, Alisa"]
[Black "Lottring, Dieter"]
[Result "0-1"]
[WhiteElo "1156"]
[BlackElo "1569"]
[PlyCount "52"]
[EventDate "2011.09.16"]
[EventType "swiss"]
[EventRounds "5"]
[EventCountry "GER"]
[SourceTitle "EXT 2013"]
[Source "ChessBase"]
[SourceDate "2012.11.22"]
[SourceVersion "1"]
[SourceVersionDate "2012.11.22"]
[SourceQuality "1"]

1. e4 d6 2. d4 g6 3. Nf3 Bg7 4. Nc3 Bg4 5. Be3 Nf6 6. Be2 0-0 7. 0-0 c6 8. Qd2 Qc7 9. e5 dxe5 10. Nxe5 Bxe2 11. Qxe2 Na6 12. Rad1 Rad8 13. Bf4 Nh5 14. Bg3 Nxg3 15. hxg3 Nb4 16. a3 Nd5 17. Nxd5 Rxd5 18. Rfe1 Rfd8 19. c3 e6 20. Qf3 c5 21. Nc4 cxd4 22. b3 b5 23. Nd2 dxc3 24. Ne4 Rxd1 25. Rxd1 Rxd1+ 26. Qxd1 c2 0-1

[Event "Nuremberg Zabo op 12th"]
[Site "Nuremberg"]
[Date "2010.09.19"]
[Round "4"]
[White "Lottring, Dieter"]
[Black "Phenn, Ullrich"]
[Result "0-1"]
[WhiteElo "1618"]
[BlackElo "1874"]
[PlyCount "84"]
[EventDate "2010.09.17"]
[EventType "swiss"]
[EventRounds "5"]
[EventCountry "GER"]
[SourceTitle "EXT 2011"]
[Source "ChessBase"]
[SourceDate "2010.11.26"]
[SourceVersion "1"]
[SourceVersionDate "2010.11.26"]
[SourceQuality "1"]

1. d4 d5 2. e3 Nf6 3. Nf3 Bg4 4. Be2 e6 5. h3 Bf5 6. Bd3 Bxd3 7. Qxd3 Nbd7 8. 0-0 c5 9. b3 Qc7 10. Bb2 c4 11. Qe2 b5 12. a3 Ne4 13. c3 cxb3 14. Nfd2 Nd6 15. Nxb3 Nc4 16. Qc2 Ndb6 17. N3d2 Rc8 18. Rc1 Be7 19. Nxc4 Qxc4 20. Nd2 Qc6 21. Qb3 0-0 22. Qc2 Rc7 23. Qb3 Rfc8 24. Nb1 a6 25. Qc2 Na4 26. Qb3 Qb7 27. Ra2 Bd6 28. Ba1 Rc6 29. Re2 f5 30. f4 Qe7 31. g3 Nb6 32. Rcc2 Rc4 33. Bb2 Qd7 34. Bc1 Qc7 35. Bd2 Ra4 36. Bc1 Nc4 37. Ra2 Na5 38. Qc2 Qc4 39. Rf2 Nb3 40. Rf1 Be7 41. Rd1 Bd8 42. Rd3 Nxc1 0-1

[Event "Bayern-ch Seniors 20th"]
[Site "Bergen"]
[Date "2008.06.15"]
[Round "9.27"]
[White "Koenigl, Anton"]
[Black "Lottring, Dieter"]
[Result "1-0"]
[WhiteElo "1804"]
[BlackElo "1608"]
[PlyCount "133"]
[EventDate "2008.06.07"]
[EventType "swiss"]
[EventRounds "9"]
[EventCountry "GER"]
[SourceTitle "EXT 2022"]
[Source "ChessBase"]
[SourceDate "2021.10.06"]
[SourceVersion "1"]
[SourceVersionDate "2021.10.06"]
[SourceQuality "1"]

1. e4 g6 2. c4 Bg7 3. Nc3 c5 4. g3 b6 5. Bg2 Bb7 6. Nge2 Nf6 7. 0-0 0-0 8. d4 d6 9. f3 Nbd7 10. Be3 Rc8 11. b3 Re8 12. Rc1 Nf8 13. Qd2 Rb8 14. Rfd1 Ne6 15. Bh3 cxd4 16. Nxd4 Nxd4 17. Bxd4 Nd7 18. Bxg7 Kxg7 19. Nd5 Ne5 20. Qc3 Kg8 21. f4 Bxd5 22. Rxd5 Nc6 23. e5 Qc7 24. exd6 exd6 25. Rcd1 Rbd8 26. Qd2 Qe7 27. Bg4 Qe4 28. Kf2 Qe7 29. Bf3 a5 30. Rxd6 Rxd6 31. Qxd6 Qe3+ 32. Kg2 Rd8 33. Qxc6 Rxd1 34. Bxd1 Qd2+ 35. Kh3 Qxd1 36. Qe8+ Kg7 37. Qe3 Qf1+ 38. Kh4 Qg2 39. h3 Qc6 40. g4 h6 41. Qe5+ Kg8 42. g5 hxg5+ 43. Kxg5 Qd7 44. Qe3 Qf5+ 45. Kh4 Kh7 46. Kg3 Qf6 47. h4 Qd6 48. Qf3 Qe6 49. h5 Qe1+ 50. Kg2 Qb1 51. Kh3 Qxa2 52. hxg6+ Kxg6 53. Qc6+ Kg7 54. Qxb6 Qb2 55. Qg1+ Kf8 56. Qe3 Qc2 57. c5 Qf5+ 58. Kg3 Qg6+ 59. Kf2 Qc6 60. Qc3 Qe4 61. Qh8+ Ke7 62. Qe5+ Qxe5 63. fxe5 Kd7 64. Ke3 Kc7 65. Kd4 Kc6 66. Kc4 Kc7 67. Kb5 1-0

[Event "Bayern-ch Seniors 19th"]
[Site "Schloss Schney"]
[Date "2007.06.19"]
[Round "8"]
[White "Fels, Karl Heinz"]
[Black "Lottring, Dieter"]
[Result "1-0"]
[WhiteElo "1791"]
[BlackElo "1564"]
[PlyCount "118"]
[EventDate "2007.06.12"]
[EventType "swiss"]
[EventRounds "9"]
[EventCountry "GER"]
[SourceTitle "EXT 2008"]
[Source "ChessBase"]
[SourceDate "2007.11.25"]
[SourceVersion "1"]
[SourceVersionDate "2007.11.25"]
[SourceQuality "1"]

1. e4 g6 2. d4 Bg7 3. Be3 d6 4. Nc3 Nf6 5. f3 0-0 6. Qd2 Nbd7 7. g4 c5 8. Nge2 cxd4 9. Nxd4 Ne5 10. 0-0-0 a6 11. h4 h5 12. gxh5 Nxh5 13. Rg1 Qc7 14. Nd5 Qd8 15. Be2 f5 16. exf5 Bxf5 17. Nxf5 Rxf5 18. f4 e6 19. fxe5 exd5 20. Qxd5+ Kh7 21. Bxh5 Rxh5 22. Qf7 Qe8 23. e6 Qxf7 24. exf7 Rf5 25. Rxd6 Rf6 26. Rd7 b5 27. Bg5 Rf5 28. Re1 Rf8 29. Ree7 Bh6 30. Re6 Bxg5+ 31. hxg5 Kg7 32. Rxa6 Rxg5 33. Raa7 Rg1+ 34. Kd2 g5 35. Kc3 Rg3+ 36. Kb4 Rf3 37. Rd5 Kh6 38. Rxb5 g4 39. Ra6+ Kg7 40. Rg5+ Kxf7 41. Rxg4 Rb8+ 42. Kc5 Rxb2 43. c4 Rf5+ 44. Kd4 Rff2 45. a4 Rf3 46. Re4 Ra3 47. a5 Rba2 48. Re5 Rd2+ 49. Kc5 Rda2 50. Kb6 Ra4 51. c5 Kf6 52. Rh5 Rb4+ 53. Kc7+ Kg7 54. Rd5 Rf2 55. Rd7+ Rf7 56. Rxf7+ Kxf7 57. c6 Ke7 58. Rb6 Ra4 59. a6 Ra2 1-0

[Event "Bayern-ch Seniors 19th"]
[Site "Schloss Schney"]
[Date "2007.06.12"]
[Round "1"]
[White "Babichev, Vyacheslav"]
[Black "Lottring, Dieter"]
[Result "1-0"]
[WhiteElo "1815"]
[BlackElo "1564"]
[PlyCount "61"]
[EventDate "2007.06.12"]
[EventType "swiss"]
[EventRounds "9"]
[EventCountry "GER"]
[SourceTitle "EXT 2008"]
[Source "ChessBase"]
[SourceDate "2007.11.25"]
[SourceVersion "1"]
[SourceVersionDate "2007.11.25"]
[SourceQuality "1"]

1. e4 g6 2. d4 Bg7 3. c4 d6 4. Nc3 Nf6 5. Bg5 0-0 6. Qd2 Nc6 7. Nge2 a6 8. f3 Qd7 9. Bh6 e5 10. d5 Ne7 11. Ng3 Kh8 12. Bxg7+ Kxg7 13. h4 h5 14. Bd3 Nh7 15. 0-0-0 Qe8 16. Rdf1 f5 17. f4 fxe4 18. Ncxe4 Nf5 19. fxe5 Qxe5 20. Nxf5+ Bxf5 21. Re1 Qd4 22. Re3 Rae8 23. Rhe1 Bxe4 24. Rxe4 Rxe4 25. Rxe4 Qf6 26. Re6 Qxh4 27. Rxg6+ Kh8 28. Rh6 Rf7 29. Qc3+ Kg8 30. Rg6+ Kf8 31. Qh8+ 1-0